| 000 | 00535nam a2200217Ia 4500 | ||
|---|---|---|---|
| 003 | 0100 | ||
| 008 | 130303s9999 xx 000 0 und d | ||
| 020 | _a385159854 | ||
| 040 | _cARRUPELIB | ||
| 050 | _aBX4705.S612A371980 | ||
| 100 | _aSheen, Fulton J. (Fulton John) | ||
| 245 | _aTreasure in clay | ||
| 245 | _bthe autobiography of Fulton J. Sheen | ||
| 260 | _aGarden City, NY | ||
| 260 | _bDoubleday | ||
| 260 | _C1980 | ||
| 300 | _axviii | ||
| 300 | _b 366 p. ill. 24 cm | ||
| 700 | _aFulton J. Sheen | ||
| 942 | 0 | 0 | _01 |
| 999 |
_c14378 _d14378 |
||